| 000 | 00494nam a2200181Ia 4500 | ||
|---|---|---|---|
| 008 | 230524s9999 xx 000 0 und d | ||
| 020 | _a9780070600867 | ||
| 082 |
_a658.8343 _bHAW |
||
| 100 | _aDel I Hawkins | ||
| 245 | 0 | _aConsumer Behaviour : Building Marketing Strategy | |
| 250 | _a9TH | ||
| 260 |
_aNEW DELHI _bTMH _c2007 |
||
| 300 | _aXXV;833 | ||
| 500 | _aQuantity Number: 20 | ||
| 650 | _aManagement | ||
| 700 | _a" Roger J Best,Kenneth A Coney , Amit Mookerjee,," | ||
| 942 | _cBK | ||
| 999 |
_c43066 _d43066 |
||